[Event "MVP-ch Seniors op 18th"]
[Site "Ostseebad Binz"]
[Date "2018.12.02"]
[Round "5"]
[White "Heimberg, Guenter"]
[Black "Glawe, Hartmut"]
[Result "0-1"]
[WhiteElo "1848"]
[BlackElo "2031"]
[PlyCount "92"]
[EventDate "2018.11.28"]
[EventType "swiss"]
[EventRounds "9"]
[EventCountry "GER"]
[SourceTitle "CBM 188 Extra"]
[Source "ChessBase"]
[SourceDate "2019.02.26"]
[SourceVersion "1"]
[SourceVersionDate "2019.02.26"]
[SourceQuality "1"]

1. c4 Nf6 2. Nc3 e5 3. e4 Bb4 4. Nge2 0-0 5. g3 Re8 6. Bg2 c6 7. 0-0 Na6 8. d3 h6 9. a3 Bf8 10. h3 Nc7 11. f4 d6 12. Kh2 Ne6 13. f5 Nc7 14. b3 d5 15. Qc2 a5 16. a4 Bb4 17. Na2 Na6 18. Be3 Qd6 19. Rad1 Bd7 20. Bf2 Rac8 21. Kh1 b5 22. axb5 cxb5 23. Nxb4 Nxb4 24. Qb1 bxc4 25. dxc4 d4 26. Be1 Qb6 27. Bf2 Qb7 28. Rfe1 Bc6 29. Nc1 Rb8 30. g4 d3 31. Nxd3 Nxe4 32. Kg1 Nxf2 33. Bxc6 Nxc6 34. Kxf2 Qxb3 35. Qc1 e4 36. Nc5 Qf3+ 37. Kg1 Qg3+ 38. Kh1 Qxh3+ 39. Kg1 Qxg4+ 40. Kh1 Qh3+ 41. Kg1 Ne5 42. Re2 Nf3+ 43. Kf2 Qxf5 44. Qe3 Nd4+ 45. Ke1 Nxe2 46. Qxe2 Rb2 0-1

[Event "MVP-ch Seniors op 18th"]
[Site "Ostseebad Binz"]
[Date "2018.11.29"]
[Round "2"]
[White "Schwarzwald, Holger"]
[Black "Heimberg, Guenter"]
[Result "1-0"]
[WhiteElo "1618"]
[BlackElo "1848"]
[PlyCount "118"]
[EventDate "2018.11.28"]
[EventType "swiss"]
[EventRounds "9"]
[EventCountry "GER"]
[SourceTitle "CBM 188 Extra"]
[Source "ChessBase"]
[SourceDate "2019.02.26"]
[SourceVersion "1"]
[SourceVersionDate "2019.02.26"]
[SourceQuality "1"]

1. f4 d5 2. Nf3 e6 3. e3 Bd6 4. b3 f6 5. Nc3 a6 6. Be2 Ne7 7. 0-0 c5 8. d3 Bd7 9. a4 Nbc6 10. Qe1 Qc7 11. Bb2 0-0-0 12. g3 Rdf8 13. Nd2 h5 14. Bf3 Rh7 15. Ne2 Nf5 16. Qf2 Nb4 17. e4 Ne7 18. Rfc1 b6 19. Bc3 Nbc6 20. d4 Qb8 21. e5 fxe5 22. dxe5 Bc7 23. Bb2 g6 24. c4 Nb4 25. Qg2 Nd3 26. Rc2 Nb4 27. Rcc1 Bc6 28. cxd5 Nexd5 29. Nc4 Nd3 30. Rc2 N3b4 31. Rd2 Rd7 32. Qh3 Re8 33. Rad1 b5 34. Bxd5 Nxd5 35. Nd6+ Bxd6 36. exd6 Qxd6 37. Be5 Qe7 38. Qg2 Red8 39. Qf2 bxa4 40. bxa4 Bxa4 41. Rb1 Bb5 42. Rc2 Rb7 43. Rxc5+ Kd7 44. Qd4 Ke8 45. Rcxb5 axb5 46. Rc1 Qd7 47. Qe4 Kf7 48. Nd4 Rc8 49. Re1 Rc4 50. Qf3 Rb6 51. g4 Rc3 52. Qf2 hxg4 53. Qh4 Rh3 54. Qxg4 Rh5 55. Nf3 Qc8 56. Bd4 Ra6 57. Ne5+ Rxe5 58. fxe5 Ne7 59. Qg5 Rc6 1-0

[Event "MVP-ch Seniors op 17th"]
[Site "Binz"]
[Date "2017.12.07"]
[Round "9.23"]
[White "Nuenchert, Eveline"]
[Black "Heimberg, Guenter"]
[Result "1-0"]
[WhiteElo "2016"]
[BlackElo "1855"]
[PlyCount "71"]
[EventDate "2017.11.29"]
[EventType "swiss"]
[EventRounds "9"]
[EventCountry "GER"]
[SourceTitle "EXT 2019"]
[Source "ChessBase"]
[SourceDate "2018.10.10"]
[SourceVersion "1"]
[SourceVersionDate "2018.10.10"]
[SourceQuality "1"]

1. e4 b6 2. Nf3 Bb7 3. d3 g6 4. g3 Bg7 5. Bg2 e6 6. Nbd2 Ne7 7. 0-0 d6 8. Re1 Nd7 9. c3 0-0 10. Nf1 Rb8 11. Qc2 e5 12. Ne3 Re8 13. Ng5 Rf8 14. b4 h6 15. Nh3 Bc8 16. f3 Nf6 17. Bb2 Bd7 18. Rac1 Qc8 19. Nf2 Be6 20. d4 Ne8 21. dxe5 Bxe5 22. c4 Bg7 23. Bxg7 Kxg7 24. Qc3+ f6 25. Nd5 Ng8 26. f4 Bd7 27. e5 c6 28. Nxf6 Ngxf6 29. exf6+ Kg8 30. Re7 Be6 31. Re1 Bf7 32. Bh3 Qa6 33. a3 Qxc4 34. Qe3 c5 35. Rxf7 Rxf7 36. Be6 1-0

[Event "MVP-ch Seniors op 17th"]
[Site "Binz"]
[Date "2017.12.04"]
[Round "6.30"]
[White "Kracht, Helmut"]
[Black "Heimberg, Guenter"]
[Result "1-0"]
[WhiteElo "1994"]
[BlackElo "1855"]
[PlyCount "71"]
[EventDate "2017.11.29"]
[EventType "swiss"]
[EventRounds "9"]
[EventCountry "GER"]
[SourceTitle "EXT 2019"]
[Source "ChessBase"]
[SourceDate "2018.10.10"]
[SourceVersion "1"]
[SourceVersionDate "2018.10.10"]
[SourceQuality "1"]

1. f4 b6 2. Nc3 Bb7 3. e4 e6 4. d3 Nc6 5. Nf3 Bb4 6. Bd2 Nge7 7. Be2 d5 8. a3 Bxc3 9. Bxc3 dxe4 10. dxe4 Qxd1+ 11. Rxd1 Rd8 12. Rxd8+ Nxd8 13. Bd3 0-0 14. Kf2 Ndc6 15. Re1 Rd8 16. b4 Rc8 17. b5 Nd8 18. f5 h6 19. f6 gxf6 20. Bxf6 Ng6 21. h4 Nf8 22. Ne5 Nh7 23. Be7 Ba8 24. Bb4 c5 25. Bd2 h5 26. Re3 Rc7 27. Rg3+ Kf8 28. Bh6+ Ke7 29. Rg7 Nf6 30. Bg5 Rc8 31. c4 Bb7 32. g4 a6 33. a4 axb5 34. axb5 Ra8 35. gxh5 Ra3 36. h6 1-0

[Event "MVP-ch Seniors op 17th"]
[Site "Binz"]
[Date "2017.12.02"]
[Round "4.36"]
[White "Pape, Manfred"]
[Black "Heimberg, Guenter"]
[Result "1-0"]
[WhiteElo "2052"]
[BlackElo "1855"]
[PlyCount "61"]
[EventDate "2017.11.29"]
[EventType "swiss"]
[EventRounds "9"]
[EventCountry "GER"]
[SourceTitle "EXT 2019"]
[Source "ChessBase"]
[SourceDate "2018.10.10"]
[SourceVersion "1"]
[SourceVersionDate "2018.10.10"]
[SourceQuality "1"]

1. d4 d5 2. c4 Nf6 3. Nc3 e6 4. Nf3 Be7 5. e3 c6 6. Bd3 Nbd7 7. 0-0 0-0 8. b3 Qc7 9. Bb2 Ne8 10. Rc1 Ndf6 11. Ne5 g6 12. f4 Qd8 13. Qf3 Ng7 14. g4 Nd7 15. Qh3 Qe8 16. Rc2 f6 17. Nf3 Bd6 18. Qh6 Be7 19. e4 Nb6 20. e5 Nd7 21. exf6 Bxf6 22. Ne5 Be7 23. Nxg6 Nf6 24. Ne5 Bd6 25. Rg2 b6 26. Rf3 a6 27. Rh3 Bxe5 28. dxe5 Ne4 29. Bxe4 dxe4 30. Qxh7+ Kf7 31. Nxe4 1-0

[Event "MVP-ch Seniors op 16th"]
[Site "Binz"]
[Date "2016.11.24"]
[Round "2.61"]
[White "Heimberg, Guenter"]
[Black "Koehler, Marianne"]
[Result "1-0"]
[WhiteElo "1851"]
[BlackElo "1652"]
[PlyCount "77"]
[EventDate "2016.11.23"]
[EventType "swiss"]
[EventRounds "9"]
[EventCountry "GER"]
[SourceTitle "EXT 2018"]
[Source "ChessBase"]
[SourceDate "2017.10.13"]
[SourceVersion "1"]
[SourceVersionDate "2017.10.13"]
[SourceQuality "1"]

1. c4 g6 2. Nc3 Bg7 3. d4 c6 4. Bf4 d6 5. Nf3 Nd7 6. e3 h6 7. h3 Ngf6 8. Be2 b6 9. 0-0 Bb7 10. Rb1 0-0 11. Qd2 g5 12. Bh2 Ne8 13. Rfd1 a6 14. e4 c5 15. d5 f5 16. exf5 Rxf5 17. Ne4 Rf8 18. Ng3 Ndf6 19. Qd3 Nh7 20. Qg6 Rf6 21. Qd3 Bc8 22. Qc2 Nf8 23. Bd3 Bxh3 24. Nh5 Rf7 25. Nxg5 hxg5 26. gxh3 Bd4 27. Rd2 Qd7 28. Kg2 Ng7 29. Nxg7 Kxg7 30. Re1 Rf6 31. Re4 Re8 32. Rg4 Kh6 33. f4 Be3 34. fxg5+ Bxg5 35. Rf2 Rxf2+ 36. Qxf2 Bf6 37. Qf4+ Kh5 38. Rg8 Nh7 39. Be2+ 1-0

[Event "MVP-ch Seniors op 15th"]
[Site "Binz"]
[Date "2015.12.02"]
[Round "9.61"]
[White "Heimberg, Guenter"]
[Black "Kornath, Heinrich"]
[Result "1-0"]
[WhiteElo "1598"]
[BlackElo "1701"]
[PlyCount "111"]
[EventDate "2015.11.24"]
[EventType "swiss"]
[EventRounds "9"]
[EventCountry "GER"]
[SourceTitle "EXT 2017"]
[Source "ChessBase"]
[SourceDate "2016.10.25"]
[SourceVersion "1"]
[SourceVersionDate "2016.10.25"]
[SourceQuality "1"]

1. c4 Nf6 2. Nc3 g6 3. e4 d6 4. d3 Bg7 5. g3 c5 6. Bg2 Nc6 7. Nge2 Rb8 8. 0-0 a6 9. f4 0-0 10. h3 Bd7 11. Kh2 b5 12. b3 e6 13. Rb1 Qa5 14. Qd2 Bh6 15. Qc2 Bg7 16. Bd2 b4 17. Nd1 Qc7 18. Be3 Ne7 19. Nf2 Rfc8 20. Rbd1 a5 21. Qd2 a4 22. d4 axb3 23. axb3 cxd4 24. Bxd4 e5 25. Be3 Ne8 26. Nd3 Nc6 27. Rc1 Nd4 28. Bxd4 exd4 29. Qe1 Qb6 30. Qf2 Ra8 31. Ra1 Ra3 32. Rab1 Rca8 33. e5 R8a7 34. exd6 Bf5 35. c5 Qb5 36. Nxd4 Qxd3 37. Nxf5 Qxf5 38. Rfe1 Kf8 39. Bc6 Nf6 40. Qe3 Ra2+ 41. Kg1 Bh8 42. Rbc1 Kg7 43. Bg2 Nd5 44. Qf3 Nc3 45. c6 Qc5+ 46. Kh1 Qxd6 47. f5 g5 48. Re8 Rc7 49. f6+ Kh6 50. Rxh8 Ne2 51. Rxh7+ Kxh7 52. Qh5+ Kg8 53. Qxg5+ Kf8 54. Qg7+ Ke8 55. Re1 Qf8 56. Qg4 1-0

[Event "MVP-ch Seniors op 15th"]
[Site "Binz"]
[Date "2015.12.01"]
[Round "8.51"]
[White "Gebuhr, Guenter"]
[Black "Heimberg, Guenter"]
[Result "1-0"]
[WhiteElo "1766"]
[BlackElo "1598"]
[PlyCount "69"]
[EventDate "2015.11.24"]
[EventType "swiss"]
[EventRounds "9"]
[EventCountry "GER"]
[SourceTitle "EXT 2017"]
[Source "ChessBase"]
[SourceDate "2016.10.25"]
[SourceVersion "1"]
[SourceVersionDate "2016.10.25"]
[SourceQuality "1"]

1. e4 e5 2. Nf3 Nc6 3. Bb5 d6 4. d4 a6 5. Bxc6+ bxc6 6. dxe5 Bg4 7. exd6 cxd6 8. Nc3 h6 9. h3 Be6 10. Qd3 Be7 11. 0-0 Nf6 12. Nd4 Bd7 13. Bf4 0-0 14. Rad1 Qc8 15. Nb3 d5 16. exd5 cxd5 17. Nxd5 Nxd5 18. Qxd5 Be6 19. Qe4 Bf6 20. c3 Re8 21. Qf3 Qc4 22. Bxh6 Qh4 23. Be3 Rac8 24. Bd4 Bc4 25. Bxf6 gxf6 26. Rfe1 Kg7 27. Rxe8 Rxe8 28. Rd4 Be2 29. Rxh4 Bxf3 30. gxf3 Re2 31. Ra4 Rxb2 32. Rxa6 Rc2 33. Kg2 Rxc3 34. Kg3 Kg6 35. Nd2 1-0

[Event "MVP-ch Seniors op 15th"]
[Site "Binz"]
[Date "2015.11.28"]
[Round "5.59"]
[White "Heimberg, Guenter"]
[Black "Rieck, Helmut"]
[Result "0-1"]
[WhiteElo "1598"]
[BlackElo "1753"]
[PlyCount "62"]
[EventDate "2015.11.24"]
[EventType "swiss"]
[EventRounds "9"]
[EventCountry "GER"]
[SourceTitle "EXT 2017"]
[Source "ChessBase"]
[SourceDate "2016.10.25"]
[SourceVersion "1"]
[SourceVersionDate "2016.10.25"]
[SourceQuality "1"]

1. c4 e6 2. Nc3 d5 3. d4 c6 4. e3 Nf6 5. a3 Nbd7 6. Nf3 Be7 7. c5 Ne4 8. Nxe4 dxe4 9. Nd2 Nf6 10. Qc2 Qc7 11. Nxe4 Nxe4 12. Qxe4 f5 13. Qc2 b6 14. b4 b5 15. Bd3 Bf6 16. Bb2 Bb7 17. 0-0 Ke7 18. Rad1 a6 19. g3 Rad8 20. Be2 h5 21. e4 fxe4 22. Qxe4 Rd5 23. h4 g5 24. hxg5 Rxg5 25. Bc1 Rg7 26. Bf4 Qd8 27. Bd6+ Kd7 28. Rd3 Qg8 29. Rf3 Rg4 30. Rf4 Bxd4 31. Qf3 Rxg3+ 0-1

[Event "MVP-ch Seniors op 15th"]
[Site "Binz"]
[Date "2015.11.25"]
[Round "2.83"]
[White "Rollwitz, Inge"]
[Black "Heimberg, Guenter"]
[Result "0-1"]
[WhiteElo "1201"]
[BlackElo "1598"]
[PlyCount "136"]
[EventDate "2015.11.24"]
[EventType "swiss"]
[EventRounds "9"]
[EventCountry "GER"]
[SourceTitle "EXT 2017"]
[Source "ChessBase"]
[SourceDate "2016.10.25"]
[SourceVersion "1"]
[SourceVersionDate "2016.10.25"]
[SourceQuality "1"]

1. e4 e5 2. Nf3 Nc6 3. Be2 Nf6 4. d3 Be7 5. c3 0-0 6. 0-0 h6 7. b4 a6 8. a4 d6 9. Bb2 Na7 10. Nbd2 Be6 11. Re1 Nh7 12. Qc2 g5 13. h3 g4 14. hxg4 Bxg4 15. Nh2 Be6 16. g3 Qd7 17. Bf1 Ng5 18. Bg2 f5 19. Ndf1 f4 20. f3 fxg3 21. Nxg3 Rf7 22. Rf1 Raf8 23. Qe2 Bh3 24. Rf2 Bxg2 25. Rxg2 Nh3+ 26. Kf1 Nf4 27. Nf5+ Nxg2 28. Qxg2+ Bg5 29. Nxh6+ Kh7 30. Nxf7 Rxf7 31. Ke2 Rg7 32. Qg4 Qf7 33. Rg1 Bh6 34. Qf5+ Qxf5 35. Rxg7+ Kxg7 36. exf5 Bg5 37. Ng4 Nc6 38. d4 exd4 39. Kd3 Kf7 40. Kc4 Ne7 41. cxd4 d5+ 42. Kd3 Nxf5 43. Bc3 Nh4 44. Ne5+ Ke6 45. Bd2 Bf6 46. f4 Nf5 47. b5 axb5 48. axb5 Nd6 49. b6 cxb6 50. Bb4 Ne4 51. Ke3 Ng3 52. Kf2 Nf5 53. Bc3 b5 54. Ke2 Be7 55. Kd3 b4 56. Bb2 Nd6 57. Ng6 Bf6 58. Nf8+ Kf5 59. Nd7 Bh8 60. Ne5 b5 61. Nd7 Nc4 62. Kc2 Ke4 63. Nc5+ Ke3 64. Nb3 Nxb2 65. Kxb2 Bxd4+ 66. Kc2 Bb6 67. Nc1 d4 68. Kd1 d3 0-1

[Event "MVP-ch Seniors op 14th"]
[Site "Binz"]
[Date "2014.12.02"]
[Round "8"]
[White "Heimberg, Guenter"]
[Black "Neumann, Erwin"]
[Result "1-0"]
[WhiteElo "1623"]
[BlackElo "1756"]
[PlyCount "79"]
[EventDate "2014.11.25"]
[EventType "swiss"]
[EventRounds "9"]
[EventCountry "GER"]
[SourceTitle "EXT 2016"]
[Source "ChessBase"]
[SourceDate "2015.10.08"]
[SourceVersion "1"]
[SourceVersionDate "2015.10.08"]
[SourceQuality "1"]

1. c4 Nf6 2. Nc3 e6 3. e4 d6 4. g3 b6 5. Bg2 Bb7 6. d3 Nbd7 7. Nge2 Be7 8. 0-0 0-0 9. h3 h6 10. Be3 Nh7 11. f4 Bf6 12. Rb1 Re8 13. Qc2 a6 14. Kh2 Qe7 15. b3 Rad8 16. Rbd1 g5 17. Qc1 Kg7 18. Bd2 Nc5 19. Be3 e5 20. f5 Rh8 21. Bf3 Kf8 22. Rh1 Bg7 23. b4 Nd7 24. a3 Nhf6 25. Bg2 c6 26. Na4 b5 27. Nb2 c5 28. Qd2 Nb6 29. bxc5 dxc5 30. Qa5 Nfd7 31. cxb5 Ra8 32. bxa6 Bxa6 33. Qc3 Bb5 34. Rc1 c4 35. Ra1 cxd3 36. Nxd3 Rc8 37. Qb3 Ba4 38. Qb4 Qxb4 39. Nxb4 Bb5 40. Nc1 1-0

[Event "MVP-ch Seniors op 14th"]
[Site "Binz"]
[Date "2014.12.01"]
[Round "7"]
[White "Memmel, Guenther"]
[Black "Heimberg, Guenter"]
[Result "1/2-1/2"]
[WhiteElo "1758"]
[BlackElo "1623"]
[PlyCount "37"]
[EventDate "2014.11.25"]
[EventType "swiss"]
[EventRounds "9"]
[EventCountry "GER"]
[SourceTitle "EXT 2016"]
[Source "ChessBase"]
[SourceDate "2015.10.08"]
[SourceVersion "1"]
[SourceVersionDate "2015.10.08"]
[SourceQuality "1"]

1. e4 e5 2. Nf3 Nf6 3. Nxe5 Qe7 4. d4 d6 5. Nf3 Qxe4+ 6. Be2 Bf5 7. c4 Qc2 8. Qxc2 Bxc2 9. Nc3 Be7 10. Bf4 a6 11. Kd2 Bg6 12. Rae1 0-0 13. Bd3 Re8 14. Bg5 Nbd7 15. Bxg6 fxg6 16. Re2 Bf8 17. Rhe1 Rxe2+ 18. Rxe2 Re8 19. Rxe8 1/2-1/2

[Event "MVP-ch Seniors op 14th"]
[Site "Binz"]
[Date "2014.11.26"]
[Round "2"]
[White "Heimberg, Guenter"]
[Black "Wernitz, Armin"]
[Result "1-0"]
[WhiteElo "1623"]
[BlackElo "1331"]
[PlyCount "93"]
[EventDate "2014.11.25"]
[EventType "swiss"]
[EventRounds "9"]
[EventCountry "GER"]
[SourceTitle "EXT 2016"]
[Source "ChessBase"]
[SourceDate "2015.10.08"]
[SourceVersion "1"]
[SourceVersionDate "2015.10.08"]
[SourceQuality "1"]

1. c4 Nf6 2. Nc3 e6 3. e4 d6 4. g3 g6 5. Bg2 Bg7 6. Nge2 c6 7. 0-0 0-0 8. Rb1 Nbd7 9. d3 e5 10. h3 Nc5 11. Kh2 Qc7 12. Be3 Nfd7 13. Qd2 f5 14. b4 Ne6 15. b5 Nd4 16. f4 Nc5 17. Bg1 Bd7 18. Nxd4 exd4 19. Ne2 Ne6 20. Qb2 c5 21. a4 Rab8 22. Qd2 b6 23. Rbe1 Be8 24. Bf2 Rd8 25. Ng1 Qe7 26. exf5 Rxf5 27. Bd5 Bf7 28. Qe2 Rf6 29. g4 Rxf4 30. Bxe6 Be5 31. Bxf7+ Qxf7 32. Bg3 Rf8 33. Bxf4 Bxf4+ 34. Kg2 g5 35. Qe6 Kg7 36. Re4 Qb7 37. Qe7+ Rf7 38. Qxb7 Rxb7 39. Rfxf4 gxf4 40. Rxf4 Re7 41. Re4 Rf7 42. Nf3 h6 43. Nh4 Rd7 44. Nf5+ Kg6 45. Re6+ Kg5 46. Kg3 h5 47. h4# 1-0

[Event "MVP-ch Seniors op 14th"]
[Site "Binz"]
[Date "2014.11.25"]
[Round "1"]
[White "Wiesner, Werner"]
[Black "Heimberg, Guenter"]
[Result "1-0"]
[WhiteElo "1978"]
[BlackElo "1623"]
[PlyCount "57"]
[EventDate "2014.11.25"]
[EventType "swiss"]
[EventRounds "9"]
[EventCountry "GER"]
[SourceTitle "EXT 2016"]
[Source "ChessBase"]
[SourceDate "2015.10.08"]
[SourceVersion "1"]
[SourceVersionDate "2015.10.08"]
[SourceQuality "1"]

1. d4 d5 2. Nf3 Nf6 3. g3 Bf5 4. Bg2 e6 5. 0-0 Bd6 6. c3 0-0 7. Bg5 h6 8. Bxf6 Qxf6 9. Qb3 b6 10. Nbd2 Qe7 11. Rfe1 Nd7 12. e4 dxe4 13. Nxe4 Bxe4 14. Rxe4 Nf6 15. Re2 Rad8 16. Rae1 Qd7 17. Ne5 Bxe5 18. Rxe5 Qd6 19. h3 Nd7 20. Rxe6 Nc5 21. Rxd6 Nxb3 22. Rxd8 Rxd8 23. axb3 Kf8 24. Bc6 g6 25. b4 a5 26. bxa5 bxa5 27. Re5 Rd6 28. Re8+ Kg7 29. d5 1-0

[Event "MVP-ch Seniors op 13th"]
[Site "Binz"]
[Date "2013.12.03"]
[Round "7"]
[White "Heimberg, Guenter"]
[Black "Karwen, Werner"]
[Result "1-0"]
[WhiteElo "1618"]
[BlackElo "1498"]
[PlyCount "59"]
[EventDate "2013.11.27"]
[EventType "swiss"]
[EventRounds "9"]
[EventCountry "GER"]
[SourceTitle "EXT 2015"]
[Source "ChessBase"]
[SourceDate "2014.11.20"]
[SourceVersion "1"]
[SourceVersionDate "2014.11.20"]
[SourceQuality "1"]

1. c4 f5 2. Nc3 Nf6 3. d4 g6 4. e3 Bg7 5. Bd3 d6 6. Nge2 c6 7. 0-0 0-0 8. h3 Re8 9. Qc2 Na6 10. a3 Nc7 11. Rd1 Kh8 12. e4 fxe4 13. Nxe4 Rf8 14. Be3 d5 15. N4g3 dxc4 16. Bxc4 Nfd5 17. Bg5 Ne6 18. Bxd5 Nxg5 19. Bb3 Bf5 20. Nxf5 Rxf5 21. h4 Nf3+ 22. gxf3 e5 23. dxe5 Qxh4 24. Rd4 Qh3 25. Be6 Bxe5 26. Bxf5 Qh2+ 27. Kf1 Bxd4 28. Nxd4 Qh1+ 29. Ke2 Qxa1 30. Ne6 1-0

[Event "MVP-ch Seniors op 13th"]
[Site "Binz"]
[Date "2013.11.29"]
[Round "3"]
[White "Heimberg, Guenter"]
[Black "Heinke, Richard"]
[Result "1-0"]
[WhiteElo "1618"]
[BlackElo "1372"]
[PlyCount "79"]
[EventDate "2013.11.27"]
[EventType "swiss"]
[EventRounds "9"]
[EventCountry "GER"]
[SourceTitle "EXT 2015"]
[Source "ChessBase"]
[SourceDate "2014.11.20"]
[SourceVersion "1"]
[SourceVersionDate "2014.11.20"]
[SourceQuality "1"]

1. c4 Nf6 2. Nc3 e6 3. e4 e5 4. Nge2 c6 5. d4 exd4 6. Qxd4 c5 7. Qd1 d6 8. g3 Nc6 9. Bg2 Be7 10. 0-0 0-0 11. h3 Ne5 12. b3 a6 13. Be3 b6 14. f4 Nfd7 15. fxe5 Nxe5 16. Nd5 Rb8 17. Nef4 b5 18. cxb5 axb5 19. Qc2 b4 20. Rfd1 Bg5 21. Rd2 g6 22. Rad1 Rb7 23. Qb2 Bh6 24. Qc2 Bg7 25. Ne2 Re8 26. Ndf4 Rd7 27. Nd3 Qc7 28. Ndf4 Bf8 29. Nd5 Qd8 30. Rf1 Bg7 31. Qd1 Re6 32. Nef4 Re8 33. h4 Bb7 34. Bh3 Bxd5 35. Bxd7 Nxd7 36. Nxd5 Rxe4 37. Bg5 f6 38. Nxf6+ Bxf6 39. Bxf6 Nxf6 40. Rxd6 1-0

[Event "MVP-ch Seniors op 13th"]
[Site "Binz"]
[Date "2013.11.28"]
[Round "2"]
[White "Schreiner, Juergen"]
[Black "Heimberg, Guenter"]
[Result "1-0"]
[WhiteElo "1356"]
[BlackElo "1618"]
[PlyCount "37"]
[EventDate "2013.11.27"]
[EventType "swiss"]
[EventRounds "9"]
[EventCountry "GER"]
[SourceTitle "EXT 2015"]
[Source "ChessBase"]
[SourceDate "2014.11.20"]
[SourceVersion "1"]
[SourceVersionDate "2014.11.20"]
[SourceQuality "1"]

1. e4 c5 2. Nf3 Nc6 3. d4 cxd4 4. Nxd4 d6 5. Nc3 Nf6 6. Bg5 Nd7 7. f4 Qb6 8. Nd5 Qd8 9. c3 a6 10. Bd3 Nxd4 11. cxd4 f6 12. Qc2 Nb6 13. Nc7+ Kd7 14. Nxa8 Nxa8 15. Bh4 e6 16. 0-0 Be7 17. Rac1 Qa5 18. Be1 Qb6 19. Qa4+ 1-0

[Event "MVP-ch Seniors op 12th"]
[Site "Binz"]
[Date "2012.12.05"]
[Round "8"]
[White "Heimberg, Guenter"]
[Black "Duerr, Hanno"]
[Result "1/2-1/2"]
[WhiteElo "1687"]
[BlackElo "1772"]
[PlyCount "102"]
[EventDate "2012.11.28"]
[EventType "swiss"]
[EventRounds "9"]
[EventCountry "GER"]
[SourceTitle "EXT 2014"]
[Source "ChessBase"]
[SourceDate "2013.11.20"]
[SourceVersion "1"]
[SourceVersionDate "2013.11.20"]
[SourceQuality "1"]

1. c4 c5 2. Nc3 Nf6 3. g3 d5 4. cxd5 Nxd5 5. Qb3 Nc7 6. Bg2 Nc6 7. Nd5 e6 8. Nxc7+ Qxc7 9. e3 Be7 10. a3 0-0 11. Nf3 e5 12. 0-0 Be6 13. Qc2 Qd7 14. Ne1 Rad8 15. f4 Bh3 16. Rf2 Bxg2 17. Kxg2 f5 18. b3 Qd5+ 19. Kg1 exf4 20. gxf4 Bf6 21. Rb1 b6 22. Nf3 Rd6 23. Qc4 Qxc4 24. bxc4 Na5 25. d4 Nxc4 26. Rc2 Na5 27. dxc5 Rd1+ 28. Kg2 Rc8 29. Rb5 Nb7 30. Bd2 Nxc5 31. Bb4 Re8 32. Bxc5 bxc5 33. Rbxc5 Rd3 34. Ra5 Rd7 35. Kf2 g6 36. Ra6 Bd8 37. Rc8 Rde7 38. Ne5 Bb6 39. Rc3 Re6 40. Ra4 g5 41. Kf3 g4+ 42. Kf2 h5 43. Rac4 h4 44. Rc6 Kg7 45. a4 Kf6 46. Nd7+ Ke7 47. Nxb6 axb6 48. Rxe6+ Kxe6 49. Rc6+ Kd5 50. Rxb6 Rc8 51. Rb2 Ra8 1/2-1/2

[Event "MVP-ch Seniors op 12th"]
[Site "Binz"]
[Date "2012.12.03"]
[Round "6"]
[White "Heimberg, Guenter"]
[Black "Pfueller, Volker"]
[Result "1-0"]
[WhiteElo "1687"]
[BlackElo "1500"]
[PlyCount "121"]
[EventDate "2012.11.28"]
[EventType "swiss"]
[EventRounds "9"]
[EventCountry "GER"]
[SourceTitle "EXT 2014"]
[Source "ChessBase"]
[SourceDate "2013.11.20"]
[SourceVersion "1"]
[SourceVersionDate "2013.11.20"]
[SourceQuality "1"]

1. c4 f5 2. Nc3 Nf6 3. d4 g6 4. e3 Bg7 5. Bd3 d6 6. Nge2 0-0 7. 0-0 e5 8. b3 e4 9. Bc2 d5 10. cxd5 Nxd5 11. Nxd5 Qxd5 12. b4 Qd6 13. Bb3+ Kh8 14. Bb2 Qe7 15. a3 Nd7 16. Qc2 Nf6 17. Nf4 c6 18. Rfd1 g5 19. Ne2 Be6 20. Rac1 Bxb3 21. Qxb3 Nd5 22. Nc3 Qf7 23. Nxd5 Qxd5 24. Qxd5 cxd5 25. Rc7 Rab8 26. Rdc1 Kg8 27. b5 Rf7 28. a4 Bf8 29. g3 g4 30. Kg2 h5 31. Kf1 Bd6 32. R7c2 Kg7 33. Ke2 Kg6 34. Rc3 Kf6 35. Ba3 Bxa3 36. Rxa3 Ke6 37. Rac3 Kd6 38. a5 Rg8 39. a6 Rgg7 40. axb7 Rxb7 41. Rc6+ Kd7 42. R1c5 Kd8 43. Rxd5+ Rgd7 44. Rxf5 Rbc7 45. Rfc5 Rxc6 46. bxc6 Rc7 47. d5 Ke7 48. Rc4 Kd6 49. Rd4 a5 50. Kd2 Ra7 51. Kc2 Kc5 52. Kb2 Kd6 53. Ka3 Kc5 54. Ka4 Kb6 55. Rxe4 Kc5 56. Rd4 Rf7 57. Rd2 Re7 58. c7 Re4+ 59. Rd4 Re8 60. d6 Kb6 61. d7 1-0

[Event "MVP-ch Seniors op 12th"]
[Site "Binz"]
[Date "2012.12.01"]
[Round "4"]
[White "Heimberg, Guenter"]
[Black "Schwenke, Norbert"]
[Result "1-0"]
[WhiteElo "1687"]
[BlackElo "1399"]
[PlyCount "169"]
[EventDate "2012.11.28"]
[EventType "swiss"]
[EventRounds "9"]
[EventCountry "GER"]
[SourceTitle "EXT 2014"]
[Source "ChessBase"]
[SourceDate "2013.11.20"]
[SourceVersion "1"]
[SourceVersionDate "2013.11.20"]
[SourceQuality "1"]

1. c4 Nf6 2. Nc3 c5 3. e4 Nc6 4. g3 d6 5. Bg2 Bg4 6. f3 Be6 7. d3 Nd7 8. Nge2 Nde5 9. f4 Ng4 10. h3 Nf6 11. 0-0 g6 12. g4 h5 13. g5 Nh7 14. Be3 Qc8 15. Kh2 Bg7 16. Qd2 f6 17. h4 Bg4 18. Ng3 fxg5 19. fxg5 Be5 20. Bf4 Qd7 21. Nd5 0-0-0 22. Rab1 Nf8 23. a3 Ne6 24. b4 Nxf4 25. Nxf4 Bxf4 26. Rxf4 Rhf8 27. Rbf1 Rxf4 28. Rxf4 Ne5 29. Qc3 cxb4 30. axb4 Qc7 31. Nf1 Nd7 32. Ne3 d5 33. Nxd5 Qd6 34. Kg1 e6 35. c5 Qe5 36. Qxe5 Nxe5 37. Ne7+ Kd7 38. d4 Kxe7 39. dxe5 Rd4 40. b5 Rc4 41. Rf6 Rxc5 42. Rxg6 Rxe5 43. Rg7+ Kf8 44. Rxb7 Be2 45. Rxa7 Rxb5 46. Kf2 Bg4 47. Ra3 Kg7 48. Bf3 Rb2+ 49. Kg3 Rb1 50. Re3 Kg6 51. Kf2 Rb2+ 52. Re2 Rb3 53. Re3 Rb2+ 54. Kg3 Rb1 55. Re2 Rb3 56. Rf2 Re3 57. Kg2 Bxf3+ 58. Rxf3 Rxe4 59. Rf6+ Kg7 60. Kg3 Rg4+ 61. Kh3 Re4 62. Rh6 Re3+ 63. Kg2 Re5 64. Rxh5 Rf5 65. Rh6 e5 66. Kg3 Rf1 67. Re6 Rf5 68. Kg4 Rf4+ 69. Kh5 Rf5 70. Re7+ Kf8 71. Rb7 Kg8 72. Kg6 Rf8 73. Re7 Rf4 74. Re8+ Rf8 75. Rxf8+ Kxf8 76. Kf5 Kf7 77. Kxe5 Kg6 78. Ke6 Kg7 79. h5 Kg8 80. h6 Kh7 81. Kf7 Kh8 82. Kg6 Kg8 83. h7+ Kh8 84. Kf7 Kxh7 85. g6+ 1-0